000
00256nam a2200109Ia 4500
008
200302s9999 xx 000 0 und d
100
_a
Dominic Bradbury
245
_a
New Natural Home
260
_b
Thames and Hudson Ltd.
260
_c
2011
300
_a
253 P.,
999
_c
2895
_d
2895